Publications of the Department of Ethnology and Cultural Anthropology University of Szeged, Hungary, MTA-SZTE Research Group for the Study of Religious Culture Devotio Hungarorum, Sources of Religious Life of Hungarians
Elmentve itt :
| További közreműködők: | |
|---|---|
| Dokumentumtípus: | Könyv része |
| Megjelent: |
2016
|
| Sorozat: | A vallási kultúrakutatás könyvei
"A királyhűség jól bevált útján...": rendi és nemzeti kötődések szimbolikus változásai 1867 és 1918 között |
| Kulcsszavak: | Néprajz - bibliográfia |
| Tárgyszavak: | |
| Online Access: | http://acta.bibl.u-szeged.hu/67438 |
| LEADER | 01054naa a2200229 i 4500 | ||
|---|---|---|---|
| 001 | acta67438 | ||
| 005 | 20211001125046.0 | ||
| 008 | 200514s2016 hu o 0|| hun d | ||
| 020 | |a 978-963-306-491-7 | ||
| 022 | |a 2064-4825 | ||
| 040 | |a SZTE Egyetemi Kiadványok Repozitórium |b hun | ||
| 041 | |a hun | ||
| 245 | 0 | 0 | |a Publications of the Department of Ethnology and Cultural Anthropology University of Szeged, Hungary, MTA-SZTE Research Group for the Study of Religious Culture Devotio Hungarorum, Sources of Religious Life of Hungarians |h [elektronikus dokumentum] |
| 260 | |c 2016 | ||
| 300 | |a 483-490 | ||
| 490 | 0 | |a A vallási kultúrakutatás könyvei | |
| 490 | 0 | |a "A királyhűség jól bevált útján...": rendi és nemzeti kötődések szimbolikus változásai 1867 és 1918 között | |
| 650 | 4 | |a Bölcsészettudományok | |
| 650 | 4 | |a Történettudomány és régészet | |
| 695 | |a Néprajz - bibliográfia | ||
| 700 | 0 | 1 | |a Barna Gábor |
| 856 | 4 | 0 | |u http://acta.bibl.u-szeged.hu/67438/1/vallasi_kulturakutatas_konyvei_025_483-490.pdf |z Dokumentum-elérés |